| 000 | 00445nam a2200169Ia 4500 | ||
|---|---|---|---|
| 003 | LK-CoDNM | ||
| 005 | 20240826120542.0 | ||
| 008 | 010623t1910 xxu||||| |||| 00| 1 eng d | ||
| 040 |
_aLK-CoDNM _dLK-CoDNM _eLK-CoDNM |
||
| 041 | _aeng | ||
| 080 |
_a22 _bJ4 |
||
| 100 | _aFoster, William | ||
| 245 | _aThe English Factories in India 1630-1633 | ||
| 260 |
_bClarendom press _aOxford _c1910 |
||
| 300 | _b352p. : ill , map ; 25 cm | ||
| 942 | _cBK | ||
| 999 |
_c87296 _d87296 |
||